000 00843nam a2200265 a 4500
001 30063
003 BD-RjUL
005 20211209051515.0
008 810731s1980 dcu b 000 0 eng
035 _a(BD-RjUL)30148
040 _aDLC
_cDLC
_dDLC
_beng
041 _aeng
082 0 0 _a382.30945
_219
_bGRI 1980
100 1 _aGrilli, Enzo R.
_991436
245 1 0 _aItalian commercial policies in the 1970s /
_cprepared by Enzo Grilli.
260 _aWashington, D.C. (1818 H St., N.W., Washington, D.C. 20433) :
_bWorld Bank,
_cc1980.
300 _a47 p. :
_bIll. ;
_c28 cm.
500 _aCover title.
504 _aIncludes bibliographical references.
651 0 _aItaly
_xCommercial policy.
_991437
942 _2ddc
_cDOC
999 _c30063
_d30063